|
|
|
|
| LEADER |
00000cam a2200000 7i4500 |
| 001 |
0000009878 |
| 002 |
000010758 |
| 005 |
20000330.0 |
| 020 |
|
|
|a 9839255207
|
| 090 |
0 |
0 |
|a 297
|b WAN
|
| 100 |
0 |
|
|a Wan Mohd Azmin Wan Dolah
|
| 245 |
1 |
0 |
|a Qitmir anjing Ashabul Kahfi
|c Wan Mohd Azmin Wan Dollah
|
| 260 |
|
|
|a Kuala Lumpur :
|b Karya One ,
|c 1996
|
| 300 |
|
|
|a 24p. :
|b ill ;
|c 17cm.
|
| 490 |
0 |
|
|a Binatang Syurga
|
| 650 |
0 |
0 |
|a Islamic stories, Malay
|
| 999 |
|
|
|a 047323
|b BUKU
|c PINJAMAN
|e PERPUSTAKAAN KOMUNITI CAW KOTA DAMANSARA
|
| 999 |
|
|
|a 047324
|b BUKU
|c PINJAMAN
|e PERPUSTAKAAN KOMUNITI CAW KOTA DAMANSARA
|